|
|
|
|
| LEADER |
00000nab a2200000 a 4500 |
| 001 |
vtls000797443 |
| 003 |
SK-MaSNL |
| 005 |
20260302155346.0 |
| 008 |
160324c2002 xo 0 slo |
| 015 |
|
|
|a SNBRB2002/06-19692
|
| 035 |
|
|
|a CLN000149098
|
| 040 |
|
|
|a SNKBUCL
|b slo
|c SNKBUCL
|e AACR2
|
| 041 |
0 |
|
|a slo
|
| 044 |
|
|
|a xo
|c SK
|
| 080 |
|
|
|a 796.88.093.1-053.6(100)
|2 1997
|
| 245 |
0 |
0 |
|a Beláňove osobáky
|b 28. MS juniorov a 8. MS junioriek vo vzpieraní
|
| 611 |
1 |
7 |
|a Majstrovstvá sveta juniorov a junioriek vo vzpieraní
|d 2002
|c Havířov, Česko
|2 snkbucl
|9 853519
|
| 650 |
0 |
7 |
|a vzpieranie
|2 snkbucl
|9 3253
|
| 655 |
|
7 |
|a články z novín a časopisov
|2 snkbucl
|9 267496
|
| 773 |
0 |
|
|x 0139-7001
|t Šport
|g Roč. 56, č. 126 (1.6.2002), s. 4
|
| 850 |
|
|
|a Slovenská národná knižnica v Martine
|
| 852 |
|
|
|a SNK
|b KIS3GCP
|
| 958 |
|
|
|a CZ
|
| 958 |
|
|
|a RBX
|
| 999 |
|
|
|c 1371213
|d 1373143
|